The Bobbsey Twins' mystery at meadowbrook (Record no. 37481)

MARC details
000 -LEADER
fixed length control field 00293nam a2200109Ia 4500
082 ## - DEWEY DECIMAL CLASSIFICATION NUMBER
Classification number 82-3HB
Item number HOP
100 ## - MAIN ENTRY--AUTHOR NAME
Personal name Hope, Laura Lee
245 #4 - TITLE STATEMENT
Title The Bobbsey Twins' mystery at meadowbrook
490 ## - SERIES STATEMENT
Series statement New York Gosset and Dunlap 1963
942 ## - ADDED ENTRY ELEMENTS (KOHA)
Koha item type Books
Holdings
Withdrawn status Lost status Damaged status Not for loan Home library Current library Date acquired Cost, normal purchase price Full call number Accession Number Koha item type
        RRII Library RRII Library 16/12/2021 32.45 82-3HB HOP 17864 Books